00978nam a2200217 a 450000100060000000300090000600800410001502000120005604000280006808200210009610000300011724500560014726000860020330000260028950000780031550502240039365000380061765000190065565000410067465000450071512080CO-ViMGA141112s2004 ck r 000 u spa d a9567967 aCO-ViMGAbspacCO-ViMGA04aFr918.61562 G1721 aGarcia Bustamante, Miguel10aUn pueblo de frontera : bVillavicencio 1840 - 1940 aVillavicencio, cFondo Mixto de Promocion de Cultura y las Artes del Meta, c1997 a191 p., mapas, tablas aEn : Un Pueblo de Frontera : Villavicencio 1840 - 1940; Fr 918.61562 G172 aAntecedentes y fundación de Villavicencio Vias de comunicación terrestres y aereas Desarrollo económico de Villavicencio Crecimiento Urbano y vida cotidiana Lista de tablas y gráficos sobre economía - historia14aDESARROLLO URBANO - VILLAVICENCIO14aFONDO REGIONAL14aVILLAVICENCIO - HISTORIA 1840 - 194014aVILLAVICENCIO - VIDA SOCIAL Y COSTUMBRES